Largest Irish cities/towns by letter Quiz Stats

 Plays Quiz not verified by Sporcle

Challenge
Share
Tweet
Embed
Score 0/24 Timer 08:00
0 Plays Today
Letter City/Town % Correct
DDublin
98.7%
CCork
94.9%
GGalway
88.1%
LLimerick
78.4%
WWaterford
77.8%
KKilkenny
67%
EEnnis
59.8%
AAthlone
55.5%
TTralee
42.3%
NNavan
39.6%
YYoughal
37.7%
MMullingar
35.7%
Letter City/Town % Correct
BBray
33.6%
PPortlaoise
29.5%
SSwords
25.1%
FFermoy
15.3%
VVirginia
11.9%
UUrlingford
11.2%
HHowth
8.7%
OOranmore
8.5%
RRush
6.9%
QQuin
4.7%
JJulianstown
3.7%
IInniscrone
1.9%

You're not logged in!

Compare scores with friends on all Sporcle quizzes.
OR
Log In

You Might Also Like...

Show Comments

Extras

Top Quizzes Today


Score Distribution

Your Account Isn't Verified!

In order to create a playlist on Sporcle, you need to verify the email address you used during registration. Go to your Sporcle Settings to finish the process.

Report this User

Report this user for behavior that violates our Community Guidelines.

Details: